[Event "Bunratty Open"]
[Site "Bunratty IRL"]
[Date "2012.02.19"]
[Round "5"]
[White "Baburin, Alexander"]
[Black "Astaneh Lopez, Alex"]
[Result "1/2-1/2"]
[WhiteTitle "GM"]
[BlackTitle "IM"]
[WhiteElo "2535"]
[BlackElo "2414"]
[WhiteFideId "2500914"]
[BlackFideId "2501430"]
[EventDate "2012.02.17"]

1. d4 Nf6 2. Nf3 g6 3. c4 Bg7 4. g3 c6 5. Nc3 d5 6. cxd5 cxd5 7. Ne5 Nfd7 8. f4
Nxe5 9. fxe5 Be6 10. Bg2 O-O 11. O-O Nc6 12. e3 Qd7 13. Bd2 f6 14. exf6 exf6 15.
Rc1 f5 16. Ne2 Bf7 17. Nf4 Rac8 18. Nd3 Rc7 19. Nc5 Qe7 20. Kh1 b6 21. Na6 Rcc8
22. Qa4 Qb7 23. Qb5 Rfd8 24. Nc5 Qe7 25. Nd3 Qb7 26. Rc3 Bh6 27. Nf4 Bxf4 28.
gxf4 Ne7 29. Rfc1 Be6 30. Be1 Rxc3 31. Rxc3 Rc8 32. Bh4 Kf7 33. Bxe7 Kxe7 34.
Qb4+ Kf7 35. Qd6 Rxc3 36. bxc3 Qa6 37. Qc7+ Kf6 38. Qe5+ 1/2-1/2

[Event "Bunratty Open"]
[Site "Bunratty IRL"]
[Date "2012.02.19"]
[Round "5"]
[White "Collins, Sam E."]
[Black "Donaldson, John W"]
[Result "1/2-1/2"]
[WhiteTitle "IM"]
[BlackTitle "IM"]
[WhiteElo "2426"]
[BlackElo "2390"]
[WhiteFideId "2501198"]
[BlackFideId "2000709"]
[EventDate "2012.02.17"]

1. d4 d5 2. c4 c6 3. Nf3 Nf6 4. Nc3 dxc4 5. g3 g6 6. Bg2 Bg7 7. O-O O-O 8. e4
Bg4 9. a4 e5 10. Be3 Nfd7 11. d5 cxd5 12. exd5 Na6 13. h3 Bf5 14. a5 Bd3 15. Ne1
Bxf1 16. Bxf1 f5 17. Bxc4 f4 1/2-1/2

[Event "Bunratty Open"]
[Site "Bunratty IRL"]
[Date "2012.02.19"]
[Round "5"]
[White "Orr, Mark J L"]
[Black "Ionescu, Constantin"]
[Result "0-1"]
[WhiteTitle "IM"]
[BlackTitle "GM"]
[WhiteElo "2260"]
[BlackElo "2444"]
[WhiteFideId "2500035"]
[BlackFideId "1200089"]
[EventDate "2012.02.17"]

1. Nf3 c5 2. c4 Nf6 3. e3 e6 4. d4 d5 5. cxd5 exd5 6. Bb5+ Bd7 7. Bxd7+ Nbxd7 8.
dxc5 Nxc5 9. O-O Be7 10. Nc3 O-O 11. b3 Qd7 12. Bb2 Rfd8 13. Qd4 Rac8 14. Rfd1
a6 15. Rac1 h6 16. h3 Bf8 17. Ne2 Ne6 18. Qd3 Rxc1 19. Rxc1 Ne4 20. Ned4 N6c5
21. Qc2 Re8 22. a3 Bd6 23. Ne2 Qb5 24. Nfd4 Qd3 25. b4 Qxc2 26. Rxc2 Na4 27. Bc1
Nb6 28. f3 Ng5 29. Kf2 Ne6 30. Nxe6 fxe6 31. Nd4 Kf7 32. Nb3 Nc4 33. Na5 b5 34.
Nb3 e5 35. Nd2 Rc8 36. Ke2 Ke6 0-1

[Event "Bunratty Open"]
[Site "Bunratty IRL"]
[Date "2012.02.19"]
[Round "5"]
[White "Rendle, Thomas E"]
[Black "Williams, Simon K"]
[Result "0-1"]
[WhiteTitle "IM"]
[BlackTitle "GM"]
[WhiteElo "2393"]
[BlackElo "2504"]
[WhiteFideId "408760"]
[BlackFideId "404454"]
[EventDate "2012.02.17"]

1. e4 c5 2. d3 Nc6 3. f4 d5 4. Be2 Nf6 5. e5 Ng8 6. Nf3 Nh6 7. c3 Bg4 8. Be3 e6
9. Bf2 f6 10. Nbd2 fxe5 11. Nxe5 Nxe5 12. fxe5 Qg5 13. Qa4+ Kd8 14. h3 Bxe2 15.
Bh4 Qxh4+ 16. Qxh4+ Be7 17. Qa4 Bxd3 18. Nf3 a5 19. O-O-O b5 20. Qf4 Rf8 21. Qe3
Bg6 22. g4 Kd7 23. Rhf1 b4 24. c4 d4 25. Qd2 Nf7 26. b3 Kc7 27. Kb2 h5 28. Qe2
hxg4 29. hxg4 a4 30. Ne1 Ng5 31. Rxf8 a3+ 32. Ka1 Rxf8 33. Nd3 Rf3 34. Qh2 Bxd3
35. Qh8 Be4 36. Rh1 d3 37. Qe8 Rf7 38. Rd1 Bc6 39. Qh8 g6 40. Qh4 Ne4 41. Qh3
Nf2 42. Rf1 d2 0-1

[Event "Bunratty Open"]
[Site "Bunratty IRL"]
[Date "2012.02.19"]
[Round "5"]
[White "Griffiths, Ryan Rhys"]
[Black "Ansell, Simon T"]
[Result "1/2-1/2"]
[WhiteTitle "FM"]
[BlackTitle "IM"]
[WhiteElo "2310"]
[BlackElo "2373"]
[WhiteFideId "2502054"]
[BlackFideId "402141"]
[EventDate "2012.02.17"]

1. c4 d6 2. g3 e5 3. Bg2 f5 4. Nc3 Nf6 5. d3 Be7 6. e4 fxe4 7. dxe4 O-O 8. Nge2
a5 9. O-O Na6 10. b3 Nc5 11. f3 Be6 12. Be3 c6 13. Rc1 Qb8 14. h3 Bd8 15. f4 Bb6
16. Kh1 a4 17. b4 Ncd7 18. c5 dxc5 19. Nxa4 Bc7 20. f5 Bxa2 21. Qc2 Bf7 22. bxc5
Qa7 23. Ra1 Qa6 24. Rfc1 Ra7 25. Kh2 Rfa8 26. Nb6 Qxa1 27. Rxa1 Rxa1 28. Nxa8
Rxa8 29. g4 h6 30. Nc1 Bd8 31. Qb2 Ra7 32. Nd3 Nxe4 33. Qc1 Nef6 34. Nf2 Nd5 35.
Bxh6 gxh6 36. Qxh6 Nf4 37. g5 Ra2 38. g6 Nf6 39. gxf7+ Kxf7 40. Kg1 Ra1+ 41. Kh2
Ra2 42. Kg1 Ne2+ 43. Kh2 Nf4 1/2-1/2

[Event "Bunratty Open"]
[Site "Bunratty IRL"]
[Date "2012.02.19"]
[Round "5"]
[White "Osborne, Sam"]
[Black "Fitzsimons, David"]
[Result "1/2-1/2"]
[WhiteElo "2076"]
[BlackElo "2260"]
[WhiteFideId "2501791"]
[BlackFideId "2501961"]
[EventDate "2012.02.17"]

1. e4 e6 2. d3 c5 3. Nf3 b6 4. g3 Bb7 5. Bg2 d6 6. O-O Nf6 7. b3 Be7 8. Bb2 Nbd7
9. Nbd2 O-O 10. Re1 Qc7 11. a4 a6 12. Nf1 b5 13. Ne3 c4 14. bxc4 bxc4 15. Ba3
Rfd8 16. Qe2 cxd3 17. cxd3 Nc5 18. Rec1 Qb6 19. Rab1 Qa7 20. d4 Bxe4 21. dxc5
Bxb1 22. cxd6 Bxd6 23. Bxd6 Rxd6 24. Rxb1 Rb8 25. Rxb8+ Qxb8 26. Qc2 Rd8 27. Ng5
Qe5 28. Ne4 Qa1+ 29. Bf1 Nxe4 30. Qxe4 g6 31. Qc6 Rd4 32. Qxa6 Qxa4 33. Qxa4
Rxa4 34. Kg2 Kg7 35. Kf3 g5 36. Bb5 Rb4 37. Bd3 h5 38. h3 h4 39. g4 Rf4+ 40. Ke2
Kf8 41. Ng2 Rb4 42. Ne3 Ke7 43. Kf3 Rf4+ 44. Ke2 Kd6 45. Nc4+ Kc5 46. Nd2 Kd5
47. Ke3 f6 48. Be4+ Kd6 49. Nc4+ Ke7 50. Nb6 Kf7 51. f3 Kg7 52. Nd7 f5 1/2-1/2

[Event "Bunratty Open"]
[Site "Bunratty IRL"]
[Date "2012.02.19"]
[Round "5"]
[White "O'Connor, Jonathan"]
[Black "Maroroa, Sue"]
[Result "1-0"]
[BlackTitle "WIM"]
[WhiteElo "2116"]
[BlackElo "2020"]
[WhiteFideId "2501112"]
[BlackFideId "4301498"]
[EventDate "2012.02.17"]

1. e4 e5 2. Nf3 Nc6 3. Bc4 Bc5 4. O-O d6 5. c3 Nf6 6. d3 h6 7. b4 Bb6 8. a4 a5
9. b5 Ne7 10. Qb3 O-O 11. Be3 Ng6 12. Nbd2 Nh5 13. d4 Qf6 14. Rfe1 Bg4 15. dxe5
dxe5 16. Bxb6 Qxb6 17. h3 Bd7 18. Rad1 Qf6 19. Re3 Nhf4 20. Kh2 Nxg2 21. Kxg2
Nf4+ 22. Kh2 Nxh3 23. Rf1 Nxf2 24. Kg2 Bh3+ 25. Kxf2 Bxf1 26. Nxf1 Rad8 27. Ke2
Qg6 28. Kf2 Rd6 29. Ng3 Qg4 30. Nf5 Rf6 31. Bd5 c6 32. bxc6 bxc6 33. Bxc6 Kh8
34. Bd5 g6 35. Ng3 h5 36. Qb1 h4 37. Ne2 Kg7 38. Qh1 Rh8 39. Nc1 h3 40. Nd3 Qg5
41. Nc5 h2 1-0

[Event "Bunratty Open"]
[Site "Bunratty IRL"]
[Date "2012.02.19"]
[Round "5"]
[White "Moran, Stephen"]
[Black "Courtney, John"]
[Result "0-1"]
[WhiteElo "2016"]
[BlackElo "2132"]
[WhiteFideId "2501872"]
[BlackFideId "2502380"]
[EventDate "2012.02.17"]

1. b3 e5 2. e3 Nc6 3. Bb2 Nf6 4. Bb5 d6 5. Bxc6+ bxc6 6. Ne2 Be7 7. d3 O-O 8.
O-O Bb7 9. Nd2 c5 10. e4 Nd7 11. Ng3 Bg5 12. Nc4 g6 13. Qg4 Bc8 14. Ne3 Re8 15.
Qe2 Nf8 16. Nh1 Ne6 17. g3 Rf8 18. Ng2 f5 19. f4 exf4 20. gxf4 Bf6 21. Bxf6 Qxf6
22. Ng3 Nd4 23. Qd2 fxe4 24. dxe4 Nf3+ 25. Rxf3 Qxa1+ 26. Rf1 Qd4+ 27. Qxd4 cxd4
28. Rd1 c5 29. Rf1 a5 30. h4 a4 31. Rf2 axb3 32. axb3 Ra2 33. h5 Bh3 34. Nh4 d3
35. hxg6 dxc2 36. gxh7+ Kxh7 37. Ne2 Ra1+ 38. Kh2 Bf1 0-1

[Event "Bunratty Open"]
[Site "Bunratty IRL"]
[Date "2012.02.19"]
[Round "5"]
[White "Cafolla, Peter"]
[Black "Moynihan, Kieran"]
[Result "0-1"]
[WhiteElo "2021"]
[BlackElo "2167"]
[WhiteFideId "2500884"]
[BlackFideId "2500663"]
[EventDate "2012.02.17"]

1. d4 Nf6 2. c4 c5 3. d5 b5 4. cxb5 a6 5. f3 e6 6. e4 exd5 7. e5 Qe7 8. Qe2 Ng8
9. Nc3 Bb7 10. Nh3 c4 11. bxa6 Nxa6 12. Nf2 d4 13. Qxc4 dxc3 14. Qxc3 Rc8 15.
Qe3 Nb4 16. Bd3 Qe6 17. Bd2 Bc5 18. Qe2 Ne7 19. a3 Nxd3+ 20. Nxd3 Ba6 21. Nxc5
Rxc5 0-1

[Event "Bunratty Open"]
[Site "Bunratty IRL"]
[Date "2012.02.19"]
[Round "5"]
[White "Quinn, Rory"]
[Black "Doyle, Hugh"]
[Result "1/2-1/2"]
[WhiteElo "2074"]
[BlackElo "1910"]
[WhiteFideId "2501643"]
[BlackFideId "2500876"]
[EventDate "2012.02.17"]

1. e4 c6 2. Ne2 d5 3. e5 d4 4. Nf4 Qc7 5. Qe2 Nd7 6. Nd3 c5 7. b3 e6 8. Na3 a6
9. c3 dxc3 10. dxc3 Ne7 11. c4 b6 12. Bb2 Bb7 13. Nc2 Nc6 14. f4 Nb4 15. a3 1/2-1/2

[Event "Bunratty Open"]
[Site "Bunratty IRL"]
[Date "2012.02.19"]
[Round "5"]
[White "Duffy, Seamus"]
[Black "Magee, Ronan"]
[Result "1-0"]
[WhiteElo "1999"]
[BlackElo "1948"]
[WhiteFideId "2501708"]
[BlackFideId "2503000"]
[EventDate "2012.02.17"]

1. b3 d5 2. Bb2 e6 3. e3 Nf6 4. f4 Be7 5. Nf3 c5 6. Ne5 Nbd7 7. Be2 Bd6 8. O-O
O-O 9. Bf3 Qc7 10. Nxd7 Nxd7 11. Nc3 a6 12. Ne2 b5 13. c4 Bb7 14. cxd5 exd5 15.
Rc1 Qb6 16. Ng3 g6 17. Qe1 f5 18. h4 Be7 19. h5 Bf6 20. Bxf6 Nxf6 21. hxg6 hxg6
22. Ne2 Rac8 23. Qg3 Ne4 24. Bxe4 dxe4 25. Kf2 Kg7 26. Rh1 Qf6 27. Rh3 Rfd8 28.
Rch1 Rh8 29. Qh2 Rxh3 30. Qxh3 Kf7 31. g4 Rg8 32. Ng3 Bc8 33. Qh7+ Rg7 34. Qh8
Rg8 35. Rh7+ Rg7 36. Rxg7+ Qxg7 37. Qxc8 Qb2 38. Qd7+ Kf8 39. gxf5 gxf5 40. Nxf5 1-0

[Event "Bunratty Open"]
[Site "Bunratty IRL"]
[Date "2012.02.19"]
[Round "5"]
[White "Benson, Oisin P."]
[Black "O'Donnell, Conor"]
[Result "0-1"]
[WhiteElo "2005"]
[BlackElo "1780"]
[WhiteFideId "2501821"]
[BlackFideId "2504243"]
[EventDate "2012.02.17"]

1. d4 Nf6 2. c4 e6 3. Nc3 Bb4 4. e3 O-O 5. Bd3 c5 6. a3 Bxc3+ 7. bxc3 Nc6 8. Ne2
d6 9. Qc2 e5 10. d5 Ne7 11. Ng3 Re8 12. O-O h6 13. Bd2 Bd7 14. f4 exf4 15. Rxf4
Ng4 16. Bh7+ Kh8 17. Nf5 Nxf5 18. Bxf5 Nxe3 19. Bxe3 Rxe3 20. Bd3 Qe7 21. Raf1
Rf8 22. Bg6 Be8 23. Be4 Qe5 24. Bd3 Re1 25. Qf2 Rxf1+ 26. Qxf1 Qxc3 27. h3 Qxa3
28. Qf3 Qa1+ 29. Kh2 Qe5 30. Kg1 a6 31. Bc2 b5 32. Qd3 f5 33. Qf3 Bd7 34. g4
Qe1+ 0-1

[Event "Bunratty Open"]
[Site "Bunratty IRL"]
[Date "2012.02.19"]
[Round "5"]
[White "De Jonge, Henk"]
[Black "Mc Morrow, John"]
[Result "1-0"]
[WhiteElo "1990"]
[BlackElo "2028"]
[WhiteFideId "2502062"]
[BlackFideId "2501481"]
[EventDate "2012.02.17"]

1. d4 d5 2. Nf3 Nf6 3. c4 e6 4. Nc3 Be7 5. Bg5 Nbd7 6. e3 O-O 7. Qc2 b6 8. b3
Bb7 9. Bd3 h6 10. Bh4 c5 11. O-O Rc8 12. Rac1 cxd4 13. exd4 a6 14. Qe2 dxc4 15.
bxc4 Re8 16. h3 Nb8 17. Rfd1 Kf8 18. Bb1 Qc7 19. Ne5 Nc6 20. f4 Rcd8 21. Bf2 Ba3
22. Rc2 Na5 23. Kh1 Bb4 24. Bh4 b5 25. c5 Bd5 26. Nxd5 exd5 27. Qf3 Nc4 28. Rf2
Qc8 29. Kh2 a5 30. g4 Qe6 31. Bf5 Qa6 32. Rg2 Ra8 33. Nxc4 bxc4 34. a3 c3 35.
axb4 axb4 36. Bxf6 Qxf6 37. Qxd5 Ra3 38. c6 Qh4 39. c7 c2 40. Qc5+ Kg8 41. Rd3 1-0

[Event "Bunratty Open"]
[Site "Bunratty IRL"]
[Date "2012.02.19"]
[Round "6"]
[White "Ionescu, Constantin"]
[Black "Hebden, Mark L"]
[Result "1-0"]
[WhiteTitle "GM"]
[BlackTitle "GM"]
[WhiteElo "2444"]
[BlackElo "2516"]
[WhiteFideId "1200089"]
[BlackFideId "400084"]
[EventDate "2012.02.17"]

1. d4 Nf6 2. c4 g6 3. Nc3 Bg7 4. e4 d6 5. f3 O-O 6. Bg5 Nbd7 7. Nh3 c6 8. Nf2 a6
9. Qd2 b5 10. Rc1 bxc4 11. Bxc4 Rb8 12. O-O a5 13. Rfd1 Qb6 14. Rc2 Qa7 15. Be3
Ba6 16. Bb3 Nb6 17. e5 Nfd5 18. Nxd5 cxd5 19. Qxa5 Nc4 20. Bxc4 dxc4 21. exd6
exd6 22. Ne4 Qb6 23. Qd2 f5 24. Nc3 Rfe8 25. Bf2 Qa5 26. h4 d5 27. h5 Rb6 28.
Re1 Rbe6 29. Rxe6 Rxe6 30. Qf4 Kf7 31. hxg6+ hxg6 32. Qb8 Re8 33. Qa7+ Kf8 34.
Qd7 Bc8 35. Qxd5 Qc7 36. Nb5 Qe7 37. Qxc4 Ba6 38. a4 Qd7 39. Qb4+ Kg8 40. Nc7
Rc8 41. Nxa6 1-0

[Event "Bunratty Open"]
[Site "Bunratty IRL"]
[Date "2012.02.19"]
[Round "6"]
[White "Pein, Malcolm"]
[Black "Baburin, Alexander"]
[Result "1/2-1/2"]
[WhiteTitle "IM"]
[BlackTitle "GM"]
[WhiteElo "2382"]
[BlackElo "2535"]
[WhiteFideId "400289"]
[BlackFideId "2500914"]
[EventDate "2012.02.17"]

1. Nf3 Nf6 2. c4 e6 3. Nc3 d5 4. d4 Nbd7 5. cxd5 exd5 6. Bg5 c6 7. e3 Be7 8. Bd3
Nh5 9. Bxe7 Qxe7 10. Qc2 Nf4 11. O-O-O Nxd3+ 12. Qxd3 Nb6 13. Nd2 Be6 14. Kb1
O-O-O 15. f3 f6 16. Nb3 Bf7 17. Ka1 Bg6 18. e4 Kb8 19. Nc5 Ka8 20. Rhe1 Rhe8 21.
Qd2 dxe4 22. fxe4 Bh5 23. Ne2 Nd7 24. Nxd7 Rxd7 25. h3 Qxe4 26. g4 Bf7 27. Nc3
Qf3 28. Rxe8+ Bxe8 29. d5 Bf7 30. d6 b6 31. g5 Kb7 32. h4 Qg4 33. gxf6 gxf6 34.
Qh6 Bg6 35. a3 a5 36. Qe3 Qc4 37. Qh3 Qf7 38. Qe3 Qc4 39. Qh3 Qf7 40. Qe3 Qc4
41. Rd4 Qc5 42. Rd1 1/2-1/2

[Event "Bunratty Open"]
[Site "Bunratty IRL"]
[Date "2012.02.19"]
[Round "6"]
[White "Istratescu, Andrei"]
[Black "Griffiths, Ryan Rhys"]
[Result "1-0"]
[WhiteTitle "GM"]
[BlackTitle "FM"]
[WhiteElo "2628"]
[BlackElo "2310"]
[WhiteFideId "1200372"]
[BlackFideId "2502054"]
[EventDate "2012.02.17"]

1. e4 c5 2. Nf3 d6 3. d4 cxd4 4. Nxd4 Nf6 5. Nc3 a6 6. Bg5 Nbd7 7. Qe2 b5 8. f4
e5 9. Nf5 h6 10. fxe5 dxe5 11. Bh4 Qc7 12. O-O-O g6 13. Ne3 Bb7 14. Qf3 Bg7 15.
g4 b4 16. Bxf6 Nxf6 17. Ncd5 Nxd5 18. Nxd5 Bxd5 19. Rxd5 O-O 20. Qb3 Qe7 21. Kb1
Qh4 22. Be2 a5 23. h3 Ra7 24. Rf1 Rd8 25. Bc4 Rxd5 26. Bxd5 Bf6 27. a4 Kg7 28.
Qe3 Re7 29. Qf3 Rc7 30. Rd1 Bg5 31. Bb3 Bf4 32. Rd5 Ra7 33. Ka2 Qg3 34. Qd1 Be3
35. Rd8 Bb6 36. Rd3 Qf4 37. Rf3 Qxe4 38. Qf1 Qb7 39. Rxf7+ Qxf7 40. Bxf7 Rxf7
41. Qb5 Bc7 42. Qc5 g5 43. Kb3 Rd7 44. Qc6 Re7 45. Qe4 Rd7 46. c3 bxc3 47. bxc3
Rf7 48. c4 Rf4 49. Qc6 Rf7 50. c5 Re7 51. Qe4 Rf7 52. Kc3 Rd7 53. Kc2 Rf7 54.
Kd3 Rd7+ 55. Ke3 Re7 56. c6 Bb6+ 57. Kd3 Bc7 58. Kc4 Rf7 59. Kd5 Rf4 60. Qc2 Rf6
61. Qb1 Rf7 62. Qb7 Re7 63. Ke4 Rf7 64. Qc8 Re7 65. Qa8 Rf7 66. Qe8 Rf6 67. h4
gxh4 68. Qe7+ Rf7 69. Qxh4 Rf4+ 70. Kd5 Rf6 71. g5 hxg5 72. Qxg5+ Kf7 73. Qh5+
Ke7 74. Qh4 Bb8 75. Kc5 Bc7 76. Kb5 Bd8 77. Qg4 Rd6 78. Qg7+ Ke6 79. c7 Bxc7 80.
Qxc7 e4 81. Kc5 Rd5+ 82. Kc4 Rd6 83. Qxa5 1-0

[Event "Bunratty Open"]
[Site "Bunratty IRL"]
[Date "2012.02.19"]
[Round "6"]
[White "Ansell, Simon T"]
[Black "Quinn, Mark"]
[Result "1-0"]
[WhiteTitle "IM"]
[BlackTitle "IM"]
[WhiteElo "2373"]
[BlackElo "2398"]
[WhiteFideId "402141"]
[BlackFideId "2500450"]
[EventDate "2012.02.17"]

1. e4 c5 2. d3 Nc6 3. f4 Nf6 4. Nf3 d5 5. e5 Ng8 6. Be2 Nh6 7. O-O e6 8. c3 Bd7
9. Na3 Be7 10. Nc2 Qb6 11. Rb1 f6 12. Kh1 Nf7 13. exf6 Bxf6 14. Be3 Qc7 15. Bxc5
Qxf4 16. d4 Qh6 17. Bb5 Ncd8 18. Bxd7+ Kxd7 19. Nce1 Nc6 20. Nd3 b6 21. Ba3 Qg6
22. c4 Rac8 23. cxd5 exd5 24. Qb3 Rc7 25. Nf4 1-0

[Event "Bunratty Open"]
[Site "Bunratty IRL"]
[Date "2012.02.19"]
[Round "6"]
[White "Donaldson, John W"]
[Black "Rendle, Thomas E"]
[Result "0-1"]
[WhiteTitle "IM"]
[BlackTitle "IM"]
[WhiteElo "2390"]
[BlackElo "2393"]
[WhiteFideId "2000709"]
[BlackFideId "408760"]
[EventDate "2012.02.17"]

1. Nf3 f5 2. g3 Nf6 3. Bg2 g6 4. O-O Bg7 5. d4 O-O 6. c4 d6 7. Nc3 Nc6 8. d5 Na5
9. Qa4 c5 10. dxc6 Nxc6 11. Rd1 Qb6 12. Nd5 Nxd5 13. cxd5 Qb4 14. Qxb4 Nxb4 15.
Bg5 Re8 16. a3 Na6 17. Nd4 Nc5 18. Rab1 Bd7 19. b3 a5 20. Be3 Rec8 21. a4 Rab8
22. Nb5 Bxb5 23. axb5 b6 24. Rdc1 Kf8 25. h3 Ra8 26. Bf3 Be5 27. Rc4 a4 28. bxa4
Rxa4 29. Rcc1 f4 30. gxf4 Bxf4 31. Bxf4 Rxf4 32. Ra1 Rb4 33. Bg4 Rb8 34. Ra7
Rxb5 35. Rc3 Rb7 36. Rf3+ Kg7 37. Rxb7 Nxb7 38. Be6 0-1

[Event "Bunratty Open"]
[Site "Bunratty IRL"]
[Date "2012.02.19"]
[Round "6"]
[White "Moynihan, Kieran"]
[Black "Trent, Lawrence"]
[Result "0-1"]
[BlackTitle "IM"]
[WhiteElo "2167"]
[BlackElo "2433"]
[WhiteFideId "2500663"]
[BlackFideId "408638"]
[EventDate "2012.02.17"]

1. d4 Nf6 2. c4 g6 3. Nc3 Bg7 4. e4 d6 5. Be2 O-O 6. Bg5 c5 7. d5 b5 8. cxb5 a6
9. a4 Nbd7 10. Nf3 axb5 11. Bxb5 Ba6 12. Qc2 Nxe4 13. Qxe4 Bxc3+ 14. bxc3 Bxb5
15. Kd2 Ba6 16. Bxe7 Re8 17. Rhe1 Nf6 18. Bxf6 Qxf6 19. Qh4 Qf5 20. c4 Reb8 21.
Re4 Rb2+ 22. Ke1 h6 23. Qf4 Qxf4 24. Rxf4 Re8+ 25. Kf1 Ree2 26. Ne1 g5 27. Rf3
Bxc4 28. Kg1 Ra2 29. Rd1 Kg7 30. h3 Rxa4 31. Re3 Raa2 32. Rxe2 Bxe2 33. Rc1 Rd2
34. Nc2 Rxd5 35. Ne3 Rd2 36. g4 Bd3 37. Kg2 Be4+ 38. Kg3 Rd3 39. Kh2 Kf6 0-1

[Event "Bunratty Open"]
[Site "Bunratty IRL"]
[Date "2012.02.19"]
[Round "6"]
[White "Courtney, John"]
[Black "Short, Philip M"]
[Result "0-1"]
[BlackTitle "FM"]
[WhiteElo "2132"]
[BlackElo "2282"]
[WhiteFideId "2502380"]
[BlackFideId "2500086"]
[EventDate "2012.02.17"]

1. d4 Nf6 2. c4 c5 3. d5 e5 4. Nc3 d6 5. e4 Be7 6. Bd3 O-O 7. h3 Nbd7 8. Be3 a6
9. g4 Ne8 10. Qd2 Nc7 11. Nge2 b5 12. cxb5 axb5 13. Nxb5 Nxb5 14. Bxb5 Ba6 15.
Nc3 Nb6 16. b3 Bxb5 17. Nxb5 Qd7 18. Qe2 Rfb8 19. a4 Nxd5 20. Rd1 Nc7 21. Bxc5
Nxb5 22. axb5 Rxb5 23. Bxd6 Bxd6 24. Rxd6 Qxd6 25. Qxb5 Ra1+ 26. Ke2 Rxh1 27.
Qe8+ Qf8 28. Qxe5 Qd8 0-1

[Event "Bunratty Open"]
[Site "Bunratty IRL"]
[Date "2012.02.19"]
[Round "6"]
[White "Fitzsimons, David"]
[Black "O'Connor, Jonathan"]
[Result "1-0"]
[WhiteElo "2260"]
[BlackElo "2116"]
[WhiteFideId "2501961"]
[BlackFideId "2501112"]
[EventDate "2012.02.17"]

1. e4 e6 2. d4 d5 3. Nd2 Nf6 4. Bd3 dxe4 5. Nxe4 Nbd7 6. Nf3 Nxe4 7. Bxe4 Nf6 8.
Bg5 Be7 9. Bxf6 Bxf6 10. Qd3 Qd6 11. O-O-O h6 12. h4 O-O 13. Kb1 g6 14. Qe3 Bg7
15. Bd3 Rd8 16. h5 g5 17. c3 Bd7 18. Rhe1 Rab8 19. Ne5 Be8 20. g4 b5 21. f4 f6
22. fxg5 hxg5 23. Qe4 1-0

[Event "Bunratty Open"]
[Site "Bunratty IRL"]
[Date "2012.02.19"]
[Round "6"]
[White "Doyle, Hugh"]
[Black "Berry, Neil"]
[Result "1/2-1/2"]
[BlackTitle "FM"]
[WhiteElo "1910"]
[BlackElo "2308"]
[WhiteFideId "2500876"]
[BlackFideId "2400650"]
[EventDate "2012.02.17"]

1. c4 e6 2. g3 d5 3. Nf3 Nf6 4. Bg2 dxc4 5. O-O Nbd7 6. Na3 Bxa3 7. bxa3 Nb6 8.
a4 a5 9. Ba3 Bd7 10. Ne5 Bxa4 11. Qc1 c6 12. Rb1 Bb5 13. d3 cxd3 14. Rd1 Nfd5
15. Nxd3 Nc4 16. Bxd5 exd5 17. Nf4 Nxa3 18. Qxa3 Qe7 19. Qxe7+ Kxe7 20. Nxd5+
cxd5 21. Rxb5 Rhb8 22. Rbxd5 b5 23. Rd7+ Ke8 24. R1d5 1/2-1/2

[Event "Bunratty Open"]
[Site "Bunratty IRL"]
[Date "2012.02.19"]
[Round "6"]
[White "Healy, Tom"]
[Black "De Jonge, Henk"]
[Result "1-0"]
[WhiteElo "1983"]
[BlackElo "1990"]
[WhiteFideId "2501635"]
[BlackFideId "2502062"]
[EventDate "2012.02.17"]

1. e4 g6 2. d4 Bg7 3. Nf3 d6 4. Nc3 Nf6 5. Be2 O-O 6. O-O Na6 7. h3 Nd7 8. Be3
c5 9. Qd2 cxd4 10. Nxd4 Nac5 11. Bh6 Nf6 12. Bxg7 Kxg7 13. Qe3 Ne6 14. Nd5 Nxd5
15. exd5 Nxd4 16. Qxd4+ Kg8 17. c4 Qc7 18. b4 b6 19. Rfc1 Ba6 20. Rc3 Rac8 21.
Rac1 Qd7 22. Bg4 f5 23. Bd1 e5 24. dxe6 Qxe6 25. Bb3 Rfd8 26. Re3 Qf7 27. Rce1
Rd7 28. b5 Bxb5 29. c5 d5 30. Re5 Rcd8 31. Rd1 Qf6 32. Rxd5 1-0

[Event "Bunratty Open"]
[Site "Bunratty IRL"]
[Date "2012.02.19"]
[Round "6"]
[White "O'Donnell, Conor"]
[Black "Regan, Natasha K"]
[Result "0-1"]
[BlackTitle "WIM"]
[WhiteElo "1780"]
[BlackElo "2096"]
[WhiteFideId "2504243"]
[BlackFideId "403067"]
[EventDate "2012.02.17"]

1. e4 Nf6 2. Nc3 d5 3. e5 Ne4 4. Nce2 Nc5 5. d4 Ne6 6. f4 g6 7. Nf3 Ng7 8. Be3
h5 9. Nc1 Nf5 10. Bf2 Bh6 11. Nd3 c6 12. c3 a5 13. g3 Na6 14. h3 Bg7 15. Be2 Nc7
16. a4 Ne6 17. Qb3 b6 18. Rg1 Ba6 19. Rd1 Bc4 20. Qa3 h4 21. g4 Ng3 22. Bxg3
hxg3 23. f5 gxf5 24. gxf5 Nf8 25. Rxg3 Bh6 26. h4 Qd7 27. b3 Ba6 28. e6 fxe6 29.
Nfe5 Qc7 30. Bh5+ Kd8 31. Rg2 Kc8 32. Ng6 Nxg6 33. fxg6 Bg7 34. Bg4 Rxh4 35.
Bxe6+ Kb7 36. Kd2 Rf8 37. Bf7 Bxd3 38. Kxd3 Qd7 39. Kc2 Qf5+ 40. Kb2 Qe4 41.
Rgd2 Rfh8 42. Qa1 Rh1 43. Qb1 Rxd1 44. Rxd1 Rh2+ 45. Ka1 Qf4 46. Rh1 Rf2 0-1

[Event "Bunratty Open"]
[Site "Bunratty IRL"]
[Date "2012.02.19"]
[Round "6"]
[White "Cafolla, Peter"]
[Black "Duffy, Seamus"]
[Result "1-0"]
[WhiteElo "2021"]
[BlackElo "1999"]
[WhiteFideId "2500884"]
[BlackFideId "2501708"]
[EventDate "2012.02.17"]

1. d4 b6 2. Nf3 Bb7 3. g3 Bxf3 4. exf3 e6 5. Nd2 Nf6 6. Bd3 d5 7. O-O Bd6 8. b3
O-O 9. Bb2 Nbd7 10. Re1 c5 11. c3 Re8 12. f4 Qc7 13. Qf3 g6 14. Rac1 cxd4 15.
cxd4 Qb7 16. Nc4 Qb8 17. Ne5 Bxe5 18. fxe5 Nh5 19. Qe2 Rc8 20. Ba6 Rxc1 21. Rxc1
Qd8 22. Ba3 Qg5 23. Qe3 Qf5 24. Kg2 Ng7 25. h3 h6 26. g4 Qg5 27. Qxg5 hxg5 28.
Rc7 Nf8 29. Kf3 Ne8 30. Re7 f5 31. Ke3 Rb8 32. Bb5 Ng7 33. Rxa7 Nh7 34. Bd6 Rc8
35. Rc7 Ra8 36. a4 Ne8 37. Rc6 Nxd6 38. Rxd6 1-0

[Event "Bunratty Open"]
[Site "Bunratty IRL"]
[Date "2012.02.19"]
[Round "6"]
[White "Magee, Ronan"]
[Black "Benson, Oisin P."]
[Result "0-1"]
[WhiteElo "1948"]
[BlackElo "2005"]
[WhiteFideId "2503000"]
[BlackFideId "2501821"]
[EventDate "2012.02.17"]

1. e4 c5 2. c3 Nf6 3. e5 Nd5 4. d4 cxd4 5. Nf3 Nc6 6. cxd4 d6 7. Bc4 Nb6 8. Bb3
d5 9. O-O Bg4 10. Be3 e6 11. Nbd2 Be7 12. h3 Bh5 13. Rc1 Rc8 14. a3 O-O 15. Ba2
Na5 16. b4 Nac4 17. Nxc4 dxc4 18. Rc3 Qd5 19. g4 Bg6 20. Nd2 a5 21. b5 Qxb5 22.
Qc1 Bd3 23. Re1 Nd5 24. Bxc4 Nxc3 25. Bxb5 Ne2+ 26. Kg2 Rxc1 0-1